| 000 | 00674nam a2200205 i 4500 | ||
|---|---|---|---|
| 001 | 81259 | ||
| 003 | ES-MaACL | ||
| 005 | 20250708063322.0 | ||
| 007 | t| | ||
| 008 | 041103s1975 sp ||||1| spa d | ||
| 100 | 1 |
_aHume, David, _d1711-1776 _964719 |
|
| 245 | 1 | 0 |
_aEnsayos políticos / _cDavid Hume ; introducción y traducción de César Armando Gómez. |
| 260 |
_a[Madrid] : _bUnión Editorial, _c[1975] |
||
| 300 |
_a179 p. ; _c21 cm. |
||
| 490 | 1 |
_aBiblioteca de la libertad ; _v10 |
|
| 700 | 1 |
_aGómez, César Armando. _957753 |
|
| 830 | 0 |
_aBiblioteca de la libertad ; _v10 _9185116 |
|
| 852 |
_aES-MaACL _jE-9052 _bR.93302 |
||
| 999 |
_c81259 _d81259 |
||